Sports Quiz

Random Sports or College Quiz
Score 0/25 Timer 06:00
0 Plays Today
Player College % Correct
Russell WestbrookUCLA
92.3%
Kevin LoveUCLA
92.3%
Carmelo AnthonySyracuse
87.9%
Kevin DurantTexas
87.9%
LaMarcus AldridgeTexas
87.9%
Dwayne WadeMarquette
86.8%
Paul PierceKansas
85.7%
Derrick RoseMemphis
83.5%
Blake GriffinOklahoma
83.5%
Rajon RondoKentucky
83.5%
Chris PaulWake Forest
81.3%
Chris BoshGeorgia Tech
75.8%
Roy HibbertGeorgetown
75.8%
Player College % Correct
Deron WilliamsIllinois
69.2%
Tony ParkerFrance
67%
Dirk NowitzkiGermany
67%
Steve NashSanta Clara
64.8%
Marc GasolSpain
64.8%
Andre IguodalaArizona
59.3%
Joe JohnsonArkansas
51.6%
Lebron JamesSt. Vincent-St.Mary's
26.4%
Luol DengCongo
4.4%
Dwight HowardSouthwest Atlanta Christian Academy
3.3%
Kobe BryantLower Merion (PA)
1.1%
Andrew BynumSt. Joseph High School
1.1%
Remove Ads.
Support Sporcle.
Get the best of Sporcle when you Go Orange. This ad-free experience offers more features, more stats, and more fun while also helping to support Sporcle. Thank you for becoming a member.

You're not logged in!

Compare scores with friends on all Sporcle quizzes.
OR
Log In

Show Comments

Extras

Top Quizzes Today


Score Distribution

Your Account Isn't Verified!

In order to create a playlist on Sporcle, you need to verify the email address you used during registration. Go to your Sporcle Settings to finish the process.

Report this User

Report this user for behavior that violates our Community Guidelines.

Details: